| 000 | 00596nam a2200205 a 4500 | ||
|---|---|---|---|
| 001 | 2697 | ||
| 003 | CDMR | ||
| 005 | 20131014133628.0 | ||
| 008 | 130130s1972||||||||||||||||||||||||||||d | ||
| 020 | _a8429900381 | ||
| 040 |
_aCDMR _bcat _cCDMR |
||
| 100 | 1 |
_aFontan, Antonio _92022 |
|
| 245 | 1 | 0 |
_aMadrid, página tres _cA. Fontán, F. Burguera y A. de Miguel |
| 260 |
_aMadrid _c1972 _bSeminarios y Ediciones |
||
| 490 | 0 |
_aHora H. _aEnsayos y documentos _v34 |
|
| 610 | 2 |
_93411 _aMadrid (Diari) |
|
| 700 | 1 |
_94052 _aBurguera, Francesc de P. |
|
| 700 | 1 |
_92495 _aMiguel, Amando de |
|
| 942 |
_cMON _2udc |
||
| 999 |
_c2697 _d2697 |
||